000 00727nam a2200217Ii 4500
003 JO-AjNU
008 230605s9999||||xx |||||||||||||| ||und||
017 _a2008/8/2290
040 _aJO-AjNU
_bara
_erda
_cJO-AjNU
041 _aara
050 1 4 _aKMM186.M34.2006
100 3 _aاعداد الآغا ، محمد فتحي ,
_eauthor
_921544
245 0 0 _aمجموعة العامل أكبر مجموعة تشريعات عمالية
250 _a(د،ط)
264 3 1 _aالعقبة : الآغا ، محمد فتحي ، 2008
300 _a394ص
336 _atext
_btxt
_2rdacontent
337 _aunmediated
_bn
_2rdamedia
338 _avolume
_bnc
_2rdacarrier
650 4 _aالعمل والعمال -- المهن
_921545
999 _aA7502
_c11070
_d11070